Die 10 größten Städte Europas - Statistiken

Allgemein
  • Dieses Quiz wurde 254 mal gespielt
  • Das Durchschnittsergebnis liegt bei 9 aus 10
Antwortstatistiken
Land 👥 Stadt % Korrekt
🇷🇺 12,6 Mio. Moskau
100%
GB 9,6 Mio. London
99%
🇪🇸 6,7 Mio. Madrid
99%
🇫🇷 11,2 Mio. Paris
99%
🇮🇹 4,3 Mio. Rom
99%
🇩🇪 3,5 Mio. Berlin
98%
🇪🇸 5,6 Mio. Barcelona
97%
🇬🇷 3,1 Mio. Athen
91%
🇮🇹 3,1 Mio. Mailand
89%
🇷🇺 5,5 Mio. Sankt Petersburg
62%
Keine übereinstimmenden Quizze gefunden
Verteilung der Resultate
Anzahl Personen mit jedem Resultat
Perzentil nach korrekt beantworteten Fragen
Ihre Resultats-Entwicklung
Sie haben dieses Quiz noch nicht gespielt